British Football Teams by Nickname - Statistics

General Stats
  • This quiz has been taken 68 times
  • The average score is 13 of 20
Answer Stats
Nickname Team % Correct
Gunners FC Arsenal
100%
Hammers West Ham United
92%
Foxes Leicester City
90%
Swans Swansea City
90%
Reds Liverpool FC
88%
Magpies Newcastle United
85%
Celts Celtic Glasgow
83%
Villains Aston Villa
78%
Bees Brentford FC
75%
Canaries Norwich City
75%
Citizen Manchester City
68%
Clarets FC Burnley
67%
Donny Rovers Doncaster Rovers
63%
Cherries AFC Bournemouth
62%
Rams Derby County
52%
Bluebirds Cardiff City
37%
Latics Wighan Athletic
32%
Hoops Queens Park Rangers
28%
Trotters Bolton Wanderers
15%
Saints Southhampton FC
15%
No matching quizzes found
Score Distribution
Percent of People with Each Score
Percentile by Number Answered
Your Score History
You have not taken this quiz